ბათუმის შოთა რუსთაველის სახელმწიფო უნივერსიტეტის ბიბლიოთეკა

Успехи геронтологии. №1,том 29.2016 (ბიბ.ჩანაწერი № 52144)

000 -LEADER
fixed length control field 00653nam a2200217Ia 4500
001 - CONTROL NUMBER
control field 19151
003 - CONTROL NUMBER IDENTIFIER
control field GE_BSU
008 - FIXED-LENGTH DATA ELEMENTS--GENERAL INFORMATION
fixed length control field 181216s||||||||xx |||||||||||||| ||und||
040 ## - CATALOGING SOURCE
Transcribing agency GE_BSU
245 ## - TITLE STATEMENT
Title Успехи геронтологии. №1,том 29.2016
245 ## - TITLE STATEMENT
Remainder of title Advances in gerontology
245 ## - TITLE STATEMENT
Statement of responsibility, etc. гл. ред. В.Н. Анисимов и др.
260 ## - PUBLICATION, DISTRIBUTION, ETC.
Place of publication, distribution, etc. Санкт-Петербург
260 ## - PUBLICATION, DISTRIBUTION, ETC.
Name of publisher, distributor, etc. Эскулап
260 ## - PUBLICATION, DISTRIBUTION, ETC.
Date of publication, distribution, etc. 2016
300 ## - PHYSICAL DESCRIPTION
Extent 194стр,29см,
653 ## - INDEX TERM--UNCONTROLLED
Uncontrolled term Периодика
653 ## - INDEX TERM--UNCONTROLLED
Uncontrolled term Успехи геронтологии. №1,том 29.2016
653 ## - INDEX TERM--UNCONTROLLED
Uncontrolled term პერიოდიკა
942 ## - ADDED ENTRY ELEMENTS (KOHA)
Koha item type პერიოდიკა
ეგზემპლარები
Withdrawn status Lost status Damaged status Not for loan Date acquired Barcode Date last seen Price effective from Koha item type
        2018-12-17 p77828 2018-12-17 2018-12-17 პერიოდიკა